000
00222nam a22000857a 4500
008
170601b xxu||||| |||| 00| 0 eng d
100
_9
3188
_a
Bhattacharjee. S
245
_a
Monkeys come to village
260
_a
New Delhi
_b
CBT
_c
2003
999
_c
6491
_d
6491